000 00569nam a2200229Ia 4500
003 OSt
005 20221005124054.0
006 a|||||r|||| 00| 0
007 ta
008 221004b |||||||| |||| 00| 0 eng d
024 _a66541
037 _cTextual
040 _aCRL
_cCRL
_beng
041 _2eng
_aeng
082 _aV51:73:C3, H9
100 _aSeltman Charles
_9634654
245 0 _aMasterpieces of Greek coinage
260 _c1949
650 _aHISTORY
942 _hV51:73:C3, H9
_cTEXL
_2cc
999 _c1049376
_d1049376